000
00319nam a2200133Ia 4500
005
20251222141836.0
008
251222s9999||||xx |||||||||||||| ||spa||
082
_a
800.2/F78
100
_a
Fournival, Richard de
245
0
_a
Bestiario de Amor
250
_a
1ra.ed.
264
_b
Miraguano Ediciones, S.A.
942
_c
LIB
999
_c
7273
_d
7273